000 00611nam a22002297a 4500
001 87654
003 UA-OsUOA
005 20211108222714.0
007 ta
008 20120920b un ||||| |||| 00| 0 ukr d
040 _aUA-OsUOA
_brus
_cUA-OsUOA
_dUA-OsUOA
041 _arus
080 _a94(47+571)
090 _a94(47+571)
_bД28
245 _aДекреты Советской власти
260 _aМ.
_bПолитиздат
_c1974
300 _a673 с.
505 _gт. 7
_t10 декабря 1919 г. - 31 марта 1920 г.
650 7 _a94 Історія
_2UDC
942 _cBK
_2udc
955 _a1
999 _c373942
_d373942